| 000 | 00736nam a2200205 a 4500 | ||
|---|---|---|---|
| 005 | 20210219160156.0 | ||
| 008 | 080922s1988 mx r 000 0 spa d | ||
| 035 | _aUPN01000160183 | ||
| 049 | _aUNE | ||
| 080 | _a37.014 (-77) =20 KAL No.139. | ||
| 100 | 1 | _aKallen, Dennis | |
| 245 | 1 | 0 |
_aCo- ordination of educational polices with polices in other fields : _ba synthesis / _cDennis Kallen. |
| 260 |
_aParis : _bUNESCO, _c1988. |
||
| 300 | _a(Reports and studies... S. 139) | ||
| 500 | _aIncluye bibliografía. | ||
| 690 | _aPolitica educacional- Planificacion social | ||
| 690 | _aProgreso social- Politica educacional- Paises en desarrollo | ||
| 710 | 2 | _aUNESCO. Division of Educational Policy and Planning. | |
| 905 | _aUNESCO | ||
| 999 |
_c132297 _d132297 |
||